[Event "Vall del Tenes op 2nd"]
[Site "Vall del Tenes"]
[Date "2013.04.05"]
[Round "1"]
[White "Martinez Navaro, Josep M"]
[Black "Prats Fumado, Gerard"]
[Result "1/2-1/2"]
[WhiteElo "1806"]
[BlackElo "1825"]
[PlyCount "51"]
[EventDate "2013.04.05"]
[EventType "swiss"]
[EventRounds "8"]
[EventCountry "ESP"]
[SourceTitle "EXT 2014"]
[Source "ChessBase"]
[SourceDate "2013.11.20"]
[SourceVersion "1"]
[SourceVersionDate "2013.11.20"]
[SourceQuality "1"]

1. e4 e6 2. Nc3 c5 3. Nf3 Nc6 4. d4 cxd4 5. Nxd4 Bc5 6. Nxc6 bxc6 7. Bc4 Ne7 8. e5 Qc7 9. Qe2 Rb8 10. 0-0 Ng6 11. Ne4 Qxe5 12. Nxc5 Qxc5 13. Be3 Qa5 14. Bd2 Qc7 15. Bc3 0-0 16. g3 d5 17. Bd3 Qe7 18. Bxg6 fxg6 19. a3 Re8 20. Rfe1 c5 21. Be5 Rb6 22. c3 Ba6 23. Qd2 Qf7 24. b4 cxb4 25. axb4 Bc4 26. Bd4 1/2-1/2

[Event "Roncana op 6th"]
[Site "Santa Eulalia de Roncana"]
[Date "2012.11.24"]
[Round "7"]
[White "Prats Fumado, Gerard"]
[Black "Cama Molina, Daniel"]
[Result "1-0"]
[WhiteElo "1801"]
[BlackElo "1677"]
[PlyCount "101"]
[EventDate "2012.10.06"]
[EventType "swiss"]
[EventRounds "8"]
[EventCountry "ESP"]
[SourceTitle "EXT 2014"]
[Source "ChessBase"]
[SourceDate "2013.11.20"]
[SourceVersion "1"]
[SourceVersionDate "2013.11.20"]
[SourceQuality "1"]

1. e4 d6 2. d4 g6 3. f4 Bg7 4. Nf3 Nf6 5. Bd3 0-0 6. 0-0 Nbd7 7. c4 c5 8. d5 Qc7 9. Nc3 a6 10. Rb1 Rb8 11. Qe2 Re8 12. f5 Ng4 13. fxg6 hxg6 14. h3 Nge5 15. Bf4 Nxf3+ 16. Qxf3 Rf8 17. Ne2 Ne5 18. Qg3 b5 19. b3 b4 20. Bc2 Bd7 21. Bg5 e6 22. Bf6 exd5 23. exd5 Rbe8 24. Qg5 Bc8 25. Bxg7 Kxg7 26. Rf6 Qe7 27. Rbf1 Rh8 28. Ng3 a5 29. h4 Bg4 30. Ne4 Rh5 31. Qf4 Rf5 32. Rxf5 Bxf5 33. h5 Bxe4 34. Qxe4 f5 35. Qf4 Ng4 36. Qg3 Qe3+ 37. Qxe3 Nxe3 38. Re1 Kf8 39. hxg6 f4 40. Re2 Kg7 41. Bd3 Rf8 42. Kf2 Nf5 43. Bxf5 Rxf5 44. Kf3 Rf6 45. Re6 Rxe6 46. dxe6 Kxg6 47. Kxf4 Kf6 48. g4 Kxe6 49. Ke4 Kf6 50. Kd5 Ke7 51. g5 1-0

[Event "Roncana op 6th"]
[Site "Santa Eulalia de Roncana"]
[Date "2012.10.06"]
[Round "1"]
[White "Lara Meca, Miguel"]
[Black "Prats Fumado, Gerard"]
[Result "0-1"]
[WhiteElo "1508"]
[BlackElo "1801"]
[PlyCount "114"]
[EventDate "2012.10.06"]
[EventType "swiss"]
[EventRounds "8"]
[EventCountry "ESP"]
[SourceTitle "EXT 2014"]
[Source "ChessBase"]
[SourceDate "2013.11.20"]
[SourceVersion "1"]
[SourceVersionDate "2013.11.20"]
[SourceQuality "1"]

1. e4 e6 2. d4 d5 3. exd5 exd5 4. Be3 Nf6 5. Nd2 Bd6 6. c3 Bf5 7. Ngf3 h6 8. g3 Nbd7 9. Bg2 Bd3 10. Nb3 Bb5 11. a4 Ba6 12. Na5 0-0 13. b4 c6 14. Qc2 Rc8 15. Nd2 b6 16. Nxc6 Rxc6 17. b5 Rc7 18. bxa6 Bb4 19. Nb1 Ng4 20. Bf4 Re8+ 21. Kf1 Qe7 22. Qd2 Bd6 23. Bxd6 Qxd6 24. Bf3 Ngf6 25. Kg2 Ne4 26. Bxe4 Rxe4 27. Re1 Nf6 28. Na3 Qe7 29. Nc2 Re6 30. Rxe6 Qxe6 31. Re1 Qc6 32. Ra1 Ne4 33. Qd3 Qf6 34. f4 Rxc3 35. Qe2 Qd6 36. Ne3 Qd7 37. Ra2 Rc6 38. Qb5 Nc3 39. Qb2 Nxa2 40. Qxa2 Rd6 41. Kf3 Qe6 42. Kf2 Qe4 43. Qd2 Qh1 44. h4 Qh2+ 45. Ng2 Qh3 46. Qc2 Qd7 47. Ne3 Rc6 48. Qa2 Rd6 49. Qc2 g6 50. Kf3 Rc6 51. Qb2 Rd6 52. Qc2 b5 53. axb5 Qxb5 54. Qc5 Qxa6 55. Nxd5 Qd3+ 56. Kg2 Qe2+ 57. Kh3 Qe6+ 0-1

[Event "Llinars del Valles Tardor op 3rd"]
[Site "Llinars del Valles"]
[Date "2011.11.11"]
[Round "7"]
[White "Rodriguez Martinez, Juan P"]
[Black "Prats Fumado, Gerard"]
[Result "0-1"]
[WhiteElo "1940"]
[BlackElo "1801"]
[PlyCount "44"]
[EventDate "2011.09.30"]
[EventType "swiss"]
[EventRounds "9"]
[EventCountry "ESP"]
[SourceTitle "EXT 2013"]
[Source "ChessBase"]
[SourceDate "2012.11.22"]
[SourceVersion "1"]
[SourceVersionDate "2012.11.22"]
[SourceQuality "1"]

1. e4 e5 2. Nf3 f5 3. Nxe5 Qf6 4. d4 d6 5. Nc4 fxe4 6. Nc3 Qg6 7. Ne3 c6 8. Be2 Nf6 9. d5 Be7 10. dxc6 bxc6 11. f3 0-0 12. Qd4 d5 13. Ncxd5 cxd5 14. Nxd5 Nc6 15. Qc4 Nxd5 16. Qxd5+ Kh8 17. Bd2 Qxg2 18. 0-0-0 Qxe2 19. Qxc6 Bf5 20. fxe4 Rfc8 21. Qa4 Qxe4 22. Qxe4 Bxe4 0-1

[Event "Llinars del Valles Tardor op 3rd"]
[Site "Llinars del Valles"]
[Date "2011.10.14"]
[Round "3"]
[White "Cobos Navarro, Jorge"]
[Black "Prats Fumado, Gerard"]
[Result "1/2-1/2"]
[WhiteElo "1621"]
[BlackElo "1801"]
[PlyCount "48"]
[EventDate "2011.09.30"]
[EventType "swiss"]
[EventRounds "9"]
[EventCountry "ESP"]
[SourceTitle "EXT 2013"]
[Source "ChessBase"]
[SourceDate "2012.11.22"]
[SourceVersion "1"]
[SourceVersionDate "2012.11.22"]
[SourceQuality "1"]

1. c4 g6 2. g3 c5 3. Bg2 Bg7 4. Nf3 Nc6 5. 0-0 e5 6. Nc3 Nge7 7. e4 d6 8. d3 Bg4 9. Qb3 Bxf3 10. Bxf3 0-0 11. Ne2 Rb8 12. a4 Na5 13. Qc2 Nec6 14. Bd2 Qb6 15. Nc1 Nd4 16. Bxa5 Nxc2 17. Bxb6 Nxa1 18. Bc7 Rbc8 19. Bxd6 Rfe8 20. Bg4 Rc6 21. Bd7 Rxd6 22. Bxe8 a6 23. a5 Nc2 24. Rd1 Nd4 1/2-1/2